000 00398nam a2200145Ia 4500
008 240729s9999 xx 000 0 und d
022 _a2682-4558
245 0 _aMinia Journal of Medical Research
260 _aEgypt
260 _bMinia University, Faculty of Medicine
650 _aMedicine
856 _uhttps://doaj.org/toc/db059f88afe4420591518d9882e2d659
942 _2ddc
942 _cDOAJEJ
999 _c73226
_d73226
945 _a1
_bMadushi Gamage
_c1
_dMadushi Gamage